The concert (Record no. 277590)
[ view plain ]
| 000 -LEADER | |
|---|---|
| fixed length control field | 03364cgm a2200685Ia 4500 |
| 001 - CONTROL NUMBER | |
| control field | ocn785746189 |
| 003 - CONTROL NUMBER IDENTIFIER | |
| control field | OCoLC |
| 005 - DATE AND TIME OF LATEST TRANSACTION | |
| control field | 20200320185938.0 |
| 007 - PHYSICAL DESCRIPTION FIXED FIELD--GENERAL INFORMATION | |
| fixed length control field | vd cvaizq |
| 008 - FIXED-LENGTH DATA ELEMENTS--GENERAL INFORMATION | |
| fixed length control field | 120413s2009 xxu107 vlfre d |
| 020 ## - INTERNATIONAL STANDARD BOOK NUMBER | |
| Terms of availability | 15.95 |
| 024 1# - OTHER STANDARD IDENTIFIER | |
| Standard number or code | 796019823777 |
| 028 42 - PUBLISHER NUMBER | |
| Publisher number | 82377 |
| Source | ARC Entertainment |
| 035 ## - SYSTEM CONTROL NUMBER | |
| System control number | (OCoLC)785746189 |
| 040 ## - CATALOGING SOURCE | |
| Original cataloging agency | HFU |
| Transcribing agency | HFU |
| Modifying agency | HFU |
| -- | WACOL |
| 041 1# - LANGUAGE CODE | |
| Language code of text/sound track or separate title | fre |
| -- | eng |
| -- | rus |
| -- | eng |
| Language code of original and/or intermediate translations of text | fre |
| 043 ## - GEOGRAPHIC AREA CODE | |
| Geographic area code | e-ur--- |
| 049 ## - LOCAL HOLDINGS (OCLC) | |
| Holding library | WACL |
| 082 04 - DEWEY DECIMAL CLASSIFICATION NUMBER | |
| Classification number | 791.43/72 |
| Edition number | 22 |
| 092 ## - LOCALLY ASSIGNED DEWEY CALL NUMBER (OCLC) | |
| Classification number | DVD |
| Item number | Con |
| 245 04 - TITLE STATEMENT | |
| Title | The concert |
| Medium | [videorecording] : |
| Remainder of title | an uplifting comedy about a true band of misfits / |
| Statement of responsibility, etc | The Weinstein Company and Les Productions du Trésor present ... [et al.] ; screenplay by Radu Mihaileanu and Alain-Michel Blanc in collaboration with Matthew Robbins ; produced by Alain Attal ; directed by Radu Mihaileanu. |
| 260 ## - PUBLICATION, DISTRIBUTION, ETC. (IMPRINT) | |
| Place of publication, distribution, etc | [United States] : |
| Name of publisher, distributor, etc | ARC Entertainment, |
| Date of publication, distribution, etc | c2009. |
| 300 ## - PHYSICAL DESCRIPTION | |
| Extent | 1 videodisc (107 min.) : |
| Other physical details | sd., col. ; |
| Dimensions | 4 3/4 in. |
| 538 ## - SYSTEM DETAILS NOTE | |
| System details note | DVD ; widescreen presentation ; Dolby digital 5.1 surround. |
| 546 ## - LANGUAGE NOTE | |
| Language note | In French and Russian or dubbed English, with optional subtitles in English. |
| 511 1# - PARTICIPANT OR PERFORMER NOTE | |
| Participant or performer note | Alekseĭ Guskov, Dmitri Nazarov, François Berléand, Mélanie Laurent, Miou-Miou. |
| 508 ## - CREATION/PRODUCTION CREDITS NOTE | |
| Creation/production credits note | Composer, Armand Amar ; editor, Ludo Troch ; director of photography, Laurent Dailland. |
| 500 ## - GENERAL NOTE | |
| General note | Based on an original story by Héctor Cabello Reyes and Thierry Degrandi. |
| 521 8# - TARGET AUDIENCE NOTE | |
| Target audience note | MPAA rating: PG-13; for brief strong language and some sexual content. |
| 520 ## - SUMMARY, ETC. | |
| Summary, etc | Thirty years ago, Andrei Simoniovich Filipov, conductor of the Bolshoi orchestra, was fired for hiring Jewish musicians. Now a cleaning man at the Bolshoi, he hears the Théâtre du Châtelet in Paris has invited the Bolshoi orchestra to play there. He gathers together his former musicians and a young solo violin virtuoso to perform in Paris in the place of the current Bolshoi orchestra. If they all overcome the hardships ahead, this very special concert will be a triumph. |
| 610 20 - SUBJECT ADDED ENTRY--CORPORATE NAME | |
| Corporate name or jurisdiction name as entry element | Bolʹshoĭ teatr Rossii. |
| Subordinate unit | Orkestr |
| Form subdivision | Drama. |
| 9 (RLIN) | 5870738 |
| 650 #0 - SUBJECT ADDED ENTRY--TOPICAL TERM | |
| Topical term or geographic name as entry element | Conductors (Music) |
| Geographic subdivision | Soviet Union |
| Form subdivision | Drama. |
| 9 (RLIN) | 5870739 |
| 650 #0 - SUBJECT ADDED ENTRY--TOPICAL TERM | |
| Topical term or geographic name as entry element | Jewish musicians |
| Form subdivision | Drama. |
| 9 (RLIN) | 5870740 |
| 655 #7 - INDEX TERM--GENRE/FORM | |
| Genre/form data or focus term | Feature films. |
| Source of term | lcgft |
| 9 (RLIN) | 5870741 |
| 655 #7 - INDEX TERM--GENRE/FORM | |
| Genre/form data or focus term | Comedy films. |
| Source of term | lcgft |
| 9 (RLIN) | 102658 |
| 700 1# - ADDED ENTRY--PERSONAL NAME | |
| Personal name | Mihaileanu, Radu. |
| 9 (RLIN) | 5870742 |
| 700 1# - ADDED ENTRY--PERSONAL NAME | |
| Personal name | Blanc, Alain-Michel. |
| 9 (RLIN) | 5870743 |
| 700 1# - ADDED ENTRY--PERSONAL NAME | |
| Personal name | Robbins, Matthew. |
| 9 (RLIN) | 4316 |
| 700 1# - ADDED ENTRY--PERSONAL NAME | |
| Personal name | Attal, Alain. |
| 9 (RLIN) | 5870744 |
| 700 1# - ADDED ENTRY--PERSONAL NAME | |
| Personal name | Gusʹkov, Alekseĭ. |
| 9 (RLIN) | 5870745 |
| 700 1# - ADDED ENTRY--PERSONAL NAME | |
| Personal name | Nazarov, Dmitriĭ, |
| Dates associated with a name | 1957- |
| 9 (RLIN) | 5870746 |
| 700 1# - ADDED ENTRY--PERSONAL NAME | |
| Personal name | Laurent, Mélanie, |
| Dates associated with a name | 1983- |
| 9 (RLIN) | 5854744 |
| 700 1# - ADDED ENTRY--PERSONAL NAME | |
| Personal name | Berléand, François. |
| 9 (RLIN) | 58630 |
| 700 0# - ADDED ENTRY--PERSONAL NAME | |
| Personal name | Miou-Miou, |
| Dates associated with a name | 1950- |
| 9 (RLIN) | 38901 |
| 700 1# - ADDED ENTRY--PERSONAL NAME | |
| Personal name | Amar, Armand. |
| 9 (RLIN) | 5870747 |
| 700 1# - ADDED ENTRY--PERSONAL NAME | |
| Personal name | Reyes, Héctor Cabello. |
| 9 (RLIN) | 5870748 |
| 700 1# - ADDED ENTRY--PERSONAL NAME | |
| Personal name | Degrandi, Thierry. |
| 9 (RLIN) | 5870749 |
| 700 1# - ADDED ENTRY--PERSONAL NAME | |
| Personal name | Dailland, Laurent. |
| 9 (RLIN) | 5870750 |
| 700 1# - ADDED ENTRY--PERSONAL NAME | |
| Personal name | Troch, Ludo. |
| 9 (RLIN) | 5870751 |
| 710 2# - ADDED ENTRY--CORPORATE NAME | |
| Corporate name or jurisdiction name as entry element | Weinstein Company. |
| 9 (RLIN) | 73072 |
| 710 2# - ADDED ENTRY--CORPORATE NAME | |
| Corporate name or jurisdiction name as entry element | Productions du Trésor. |
| 9 (RLIN) | 5870752 |
| 710 2# - ADDED ENTRY--CORPORATE NAME | |
| Corporate name or jurisdiction name as entry element | Studio Canal+. |
| 9 (RLIN) | 5870753 |
| 710 2# - ADDED ENTRY--CORPORATE NAME | |
| Corporate name or jurisdiction name as entry element | Cinécinéma (Firm) |
| 9 (RLIN) | 5870754 |
| 710 2# - ADDED ENTRY--CORPORATE NAME | |
| Corporate name or jurisdiction name as entry element | France 3 cinéma (Firm) |
| 9 (RLIN) | 76634 |
| 710 2# - ADDED ENTRY--CORPORATE NAME | |
| Corporate name or jurisdiction name as entry element | ARC Entertainment (Firm) |
| 9 (RLIN) | 5810268 |
| 942 ## - ADDED ENTRY ELEMENTS (KOHA) | |
| Koha item type | DVD |
| 948 ## - LOCAL PROCESSING INFORMATION (OCLC); SERIES PART DESIGNATOR (RLIN) | |
| Series part designator, SPT (RLIN) | 04/20/2012 |
| z (OCLC) | Sirsi |
| 994 ## - | |
| -- | 02 |
| -- | WACOL |
| 996 ## - | |
| -- | 90147 |
| -- | 34301001070640 |
| -- | DVD |
| -- | DVD |
| -- | wcl |
| -- | i |
| -- | 29 |
| -- | 15.95 |
| -- | amazon |
| -- | Con |
| -- | 04/20/2012 |
| -- | 08/15/2018 |
| -- | 08/09/2018 |
| Withdrawn status | Lost status | Source of classification or shelving scheme | Damaged status | Not for loan | Collection code | Home library | Current library | Shelving location | Date acquired | Source of acquisition | Cost, normal purchase price | Total Checkouts | Total Renewals | Full call number | Barcode | Date last seen | Date checked out | Cost, replacement price | Price effective from | Koha item type |
|---|---|---|---|---|---|---|---|---|---|---|---|---|---|---|---|---|---|---|---|---|
| Dewey Decimal Classification | Movies | Wasatch County Library | Wasatch County Library | Audio Visual Area | 04/20/2012 | Amazon | 15.95 | 33 | 4 | DVD Con | 34301001070640 | 06/25/2024 | 06/05/2024 | 15.95 | 03/20/2020 | DVD |
